| 000 | 04134cam a22005057i 4500 | ||
|---|---|---|---|
| 001 | 19045012 | ||
| 005 | 20221230170845.0 | ||
| 008 | 160406s2016 dcua bf 001 0 eng | ||
| 906 |
_a7 _bcbc _ccopycat _d2 _encip _f20 _gy-gencatlg |
||
| 925 | 0 |
_aacquire _b1 shelf copy _xpolicy default |
|
| 010 | _a 2016938091 | ||
| 020 | _a1610916190 (hardback) | ||
| 020 | _a9781610916196 (hardback) | ||
| 020 | _a1610916204 (paperback) | ||
| 020 | _a9781610916202 (paperback) | ||
| 035 | _a(OCoLC)ocn907651306 | ||
| 040 |
_aYDXCP _beng _cYDXCP _erda _dBTCTA _dBDX _dOCLCQ _dCDX _dOCLCF _dNGU _dGZN _dUAB _dIGA _dUKWOH _dP4A _dGUA _dITD _dMUX _dTFW _dOCLCQ _dDLC |
||
| 042 | _alccopycat | ||
| 050 | 0 | 0 |
_aHT166 _b.B3928 2016 |
| 082 | 0 | 4 |
_a307.1/216 _223 |
| 100 | 1 |
_aBeatley, Timothy, _d1957- _eauthor. |
|
| 245 | 1 | 0 |
_aHandbook of biophilic city planning and design / _cTimothy Beatley. |
| 264 | 1 |
_aWashington, DC : _bIsland Press, _c[2016] |
|
| 300 |
_axx, 289 pages : _billustrations ; _c26 cm |
||
| 336 |
_atext _btxt _2rdacontent |
||
| 337 |
_aunmediated _bn _2rdamedia |
||
| 338 |
_avolume _bnc _2rdacarrier |
||
| 504 | _aIncludes bibliographical references (pages 265-278) and index. | ||
| 505 | 0 | _aPart 1: The background and theory of biophilic cities. -- Chapter 1. The power of urban nature : the essential benefits of biophilic urbanism -- Chapter 2. Understanding the nature of biophilic cities -- Chapter 3. The urban nature diet : the many ways that nature enhances urban life -- Chapter 4. Biophilic cities and urban resilience -- Part 2: Creating biophilic cities : emerging global practice. -- Chapter 5. Singapore City, Singapore : city in a garden -- Chapter 6. Milwaukee, Wisconsin : from cream city to green city -- Chapter 7. Wellington, New Zealand : from town belt to blue belt -- Chapter 8. Birmingham, United Kingdom : health, nature, and urban economy -- Chapter 9. Portland, Oregon : green streets in a river city -- Chapter 10. San Francisco, California : biophilic city by the bay -- Chapter 11. Oslo, Norway : a city of fjords and forests -- Chapter 12. Vitoria-Gasteiz, Spain : nature in the compact city -- Part 3: A global survey of innovative practice and projects. -- I. Biophilic plans and codes -- II. Citizen science and community engagement -- III. Biophilic architecture and design -- IV. Restoring and reintroducing nature into the city -- V. Other biophilic urban strategies -- Part 4: Successes and future directions. -- Chapter 13. Lessons from the world's emerging biophilic cities -- Chapter 14. Overcoming the obstacles and challenges that remain -- Chapter 15. Conclusions : reimagining cities of the future. | |
| 520 | _a"This publication offers practical advice and inspiration for ensuring that nature in the city is more than infrastructure--that it also promotes well-being and creates an emotional connection to the earth among urban residents. Divided into six parts, the Handbook begins by introducing key ideas, literature, and theory about biophilic urbanism. Chapters highlight urban biophilic innovations in more than a dozen global cities. The final part concludes with lessons on how to advance an agenda for urban biophilia and an extensive list of resources."--Publisher. | ||
| 650 | 0 |
_aCity planning _xEnvironmental aspects. |
|
| 650 | 0 | _aSustainable development. | |
| 650 | 0 | _aHuman ecology. | |
| 650 | 7 |
_aARCHITECTURE _xSustainability & Green Design. _2bisacsh |
|
| 650 | 7 |
_aARCHITECTURE _xUrban & Land Use Planning. _2bisacsh |
|
| 650 | 7 |
_aNATURE _xEnvironmental Conservation & Protection. _2bisacsh |
|
| 650 | 7 |
_aArchitecture and Planning. _2eflch |
|
| 650 | 7 |
_aCity planning _xEnvironmental aspects. _2fast _0(OCoLC)fst00862209 |
|
| 650 | 7 |
_aHuman ecology. _2fast _0(OCoLC)fst00962941 |
|
| 650 | 7 |
_aSustainable development. _2fast _0(OCoLC)fst01139731 |
|
| 650 | 7 |
_aArchitecture and Planning. _2ukslc |
|
| 963 | _aSharis Simonian; phone: (202) 232-7933; fax: (202) 234-1328; email: ssimonian@islandpress.org; bc: ssimonian@islandpress.org | ||
| 999 |
_c11099 _d11099 |
||